Top 10 brands in global smartphone shipments in 2022 - Statistics

General Stats
  • This quiz has been taken 87 times
  • The average score is 6 of 10
Answer Stats
shipment/million M/S(%) brand % Correct
231 19 apple
98%
259 21 samsung
98%
28 2 huawei
76%
152 13 xiaomi
68%
107 9 oppo
63%
98 8 vivo
58%
47 4 motorola
49%
59 5 honor
34%
53 4 realme
26%
68 6 transsion
10%
No matching quizzes found
Score Distribution
Percent of People with Each Score
Percentile by Number Answered
Your Score History
You have not taken this quiz